IFM Opac

Cost Accounting: Principles and Practice (Record no. 22108)

MARC details
000 -LEADER
fixed length control field 00370nam a22001457a 4500
020 ## - INTERNATIONAL STANDARD BOOK NUMBER
ISBN 978-93-5453-026-5
082 ## - DEWEY DECIMAL CLASSIFICATION NUMBER
Classification number 657.42
100 ## - MAIN ENTRY--AUTHOR NAME
Personal name Arora, M. N.
245 ## - TITLE STATEMENT
Title Cost Accounting: Principles and Practice
250 ## - EDITION STATEMENT
Edition statement 13th
260 ## - PUBLICATION, DISTRIBUTION, ETC. (IMPRINT)
Place of publication New Delhi:
Name of publisher Vikas Publishing House,
Year of publication 2021
300 ## - PHYSICAL DESCRIPTION
Number of Pages 656p.: ill.; 24 cm
500 ## - GENERAL NOTE
General note TABLE OF CONTENTS:
942 ## - ADDED ENTRY ELEMENTS (KOHA)
Koha item type Books
Holdings
Withdrawn status Lost status Damaged status Not for loan Collection code Permanent Location Current Location Shelving location Date acquired Source of acquisition Full call number Accession Number Price effective from Koha item type
        Non-fiction IFM Main Campus Library IFM Main Campus Library Work Room processing 10/27/2025 Purchase 657.42 ARO 0000030538 10/27/2025 Books
        Non-fiction IFM Main Campus Library IFM Main Campus Library Work Room processing 10/27/2025 Purchase 657.42 ARO 0000030539 10/27/2025 Books
        Non-fiction IFM Main Campus Library IFM Main Campus Library Work Room processing 10/27/2025 Purchase 657.42 ARO 0000030537 10/27/2025 Books